000 00642nam a22002057a 4500
999 _c16756
_d16756
003 OSt
005 20180323094726.0
008 180323b xxu||||| |||| 00| 0 eng d
020 _a9781483377568
040 _cKABU
050 _aP 91.3
_b.B47 2016 C.1
100 _aBerger, Asa Arthur
245 _aMedia and communication research methods:
_ban introduction to qualitative and quantitative approaches;
_cArthur Asa Berger
250 _a4th ed
260 _aLos Angeles:
_bSage,
_c2016
300 _axvii, 417p.
650 _aMass media
_vResearch
_xMethodology
650 _aCommunication
_vResearch
_xMethodology
942 _2lcc
_cBK